000 01103nam a22003377a 4500
003 CHAP
005 20220817041749.0
008 971013s1986 r 00010 d
010 _a23720
011 _a24692
035 _a28791
040 _cCHAP
090 _aFolleto 10016
110 _aComisión Nacional de Ecología. México
_925766
245 _aInversión térmica
260 _aMéxico, D. F. :
_bSecretaría de Desarrollo Urbano y Ecología,
_c1986
300 _a6 p.
_b: ilus.
590 _aBATCH-UPD
_b10
_c20130110
_lUCH01
_h1350
590 _aBATCH-UPD
_b10
_c20130410
_lUCH01
_h0847
590 _aBATCH-UPD
_b10
_c20130914
_lUCH01
_h0425
590 _aCONVERSION
_b10
_c20130109
_lUCH01
_h1314
650 1 4 _aAtmósfera.
_98260
650 1 4 _aClimatología.
_923864
650 1 4 _aMedio ambiente
_xContaminación.
_974069
650 1 4 _aMeteorología.
901 _aBK
942 _cFOLL
949 _aFolleto 10016
_bBC
_cFOLL
_d-66345
_eTS1
_i28791
_mD
_si
949 _aFolleto 10016
_bBC
_cFOLL
_d-66346
_eTS2
_fc.2
_i28791
_si
949 _aFolleto 10016
_bBC
_cFOLL
_d-66347
_eTS2
_fc.3
_i28791
_mD
_si
999 _c23720
_d23720